00641 2200193 4500001002100000005001700021008004100038020002200079035002400101082001100125090002100136100001400157245013000171260003000301300003500331504002700366650003300393990002100426YOGYA-0513000000008920130503104642.0 ind  a978-979-29-3339-0 0010-051300000000089 a510.76 aDEP 510.76 Ats K aATSNAN,MF aKiat :bkumpulan materi dan trik matematika SMP disertai pembahasan dan penyelesaian soal/cMF. Atsnan; editor, Wistriningsih aYogyakarta :bAndi,c2012 avi, 197 hlm. :bilus. ;c25 cm aBibliografi : hlm. 197 aMatematika-ujian, soal, dsb. aCB-D.11 201-1604